| Поле | Инд. | ПП | Название | Значение |
|---|---|---|---|---|
| Тип записи | a | |||
| Библиографический уровень | m | |||
| 001 | _ | Контрольный номер | RU\infra-m\znanium\bibl\2123865 | |
| 005 | _ | Дата корректировки | 20250915104041.8 | |
| 008 | Кодируемые данные | 231108s2023 RU g rus u | ||
| 020 | a | ISBN | 978-5-16-019525-4 | |
| 020 | a | ISBN | 978-5-16-109177-7 | |
| 040 | a | Служба первич. каталог. | Общество с ограниченной ответственностью «ЗНАНИУМ» | |
| 041 | a | Код языка текста | rus | |
| 044 | a | Код страны публикации | RU | |
| 080 | a | Индекс УДК | 001.89(075.8) | |
| 084 | 2 | Источник индекса | rubbk | |
| a | Индекс другой классификации/Индекс ББК | 72.5я73 | ||
| 084 | 2 | Источник индекса | okso | |
| a | Индекс другой классификации/Индекс ББК | 00.03.13 | ||
| 084 | 2 | Источник индекса | okso | |
| a | Индекс другой классификации/Индекс ББК | 38.04.09 | ||
| 084 | 2 | Источник индекса | okso | |
| a | Индекс другой классификации/Индекс ББК | 38.04.07 | ||
| 084 | 2 | Источник индекса | okso | |
| a | Индекс другой классификации/Индекс ББК | 38.04.01 | ||
| 084 | 2 | Источник индекса | okso | |
| a | Индекс другой классификации/Индекс ББК | 38.04.08 | ||
| 084 | 2 | Источник индекса | okso | |
| a | Индекс другой классификации/Индекс ББК | 38.04.06 | ||
| 084 | 2 | Источник индекса | okso | |
| a | Индекс другой классификации/Индекс ББК | 38.04.02 | ||
| 084 | 2 | Источник индекса | okso | |
| a | Индекс другой классификации/Индекс ББК | 38.04.03 | ||
| 084 | 2 | Источник индекса | okso | |
| a | Индекс другой классификации/Индекс ББК | 38.04.04 | ||
| 084 | 2 | Источник индекса | okso | |
| a | Индекс другой классификации/Индекс ББК | 38.04.05 | ||
| 084 | 2 | Источник индекса | okso | |
| a | Индекс другой классификации/Индекс ББК | 38.05.01 | ||
| 084 | 2 | Источник индекса | okso | |
| a | Индекс другой классификации/Индекс ББК | 38.05.02 | ||
| 084 | 2 | Источник индекса | okso | |
| a | Индекс другой классификации/Индекс ББК | 38.03.01 | ||
| 084 | 2 | Источник индекса | okso | |
| a | Индекс другой классификации/Индекс ББК | 38.03.05 | ||
| 084 | 2 | Источник индекса | okso | |
| a | Индекс другой классификации/Индекс ББК | 38.03.06 | ||
| 084 | 2 | Источник индекса | okso | |
| a | Индекс другой классификации/Индекс ББК | 38.03.07 | ||
| 084 | 2 | Источник индекса | okso | |
| a | Индекс другой классификации/Индекс ББК | 38.03.02 | ||
| 084 | 2 | Источник индекса | okso | |
| a | Индекс другой классификации/Индекс ББК | 38.03.04 | ||
| 084 | 2 | Источник индекса | okso | |
| a | Индекс другой классификации/Индекс ББК | 38.03.03 | ||
| 100 | 1_ | a | Автор | Басовский Леонид Ефимович |
| q | Полное имя | Леонид Ефимович | ||
| u | Место работы, адрес | Тульский государственный педагогический университет им. Л.Н. Толстого | ||
| 245 | a | Заглавие | Основы научных исследований | |
| b | Продолж. заглавия | Учебник | ||
| c | Ответственность | Тульский государственный педагогический университет им. Л.Н. Толстого | ||
| 250 | a | Основные сведения об издании | 1 | |
| 260 | a | Место издания | Москва | |
| b | Издательство | ООО "Научно-издательский центр ИНФРА-М" | ||
| c | Дата издания | 2024 | ||
| 300 | a | Объем | 257 с. | |
| 440 | a | Серия | Высшее образование | |
| 520 | a | Аннотация | В учебнике изложены концепции и методы проведения научных исследований и представления их результатов. Рассматриваются основы научного мышления и методологические основы научных исследований. Описаны процесс научных исследований методы получения и анализа данных сбора и обобщения научной информации последовательность процесса научных исследований. Изложены подходы методы правила и нормы подготовки отчетов о результатах научно-исследовательских работ научных статей и диссертаций. Характеризуются организация финансирование научных исследований и подготовка научных кадров в Российской Федерации организация научно-исследовательской работы студентов принципы научной этики. Приведены рекомендации по подготовке выпускных квалификационных работ и диссертаций. | |
| 521 | a | Примеч. о целев. назн. | ВО - Бакалавриат | |
| 650 | a | Основная рубрика | Науковедение. Общенаучное знание и теории | |
| x | Основная подрубрика | Наука. Науковедение | ||
| 700 | 1_ | a | Другие авторы | Басовская Елена Николаевна |
| q | Полное имя | Елена Николаевна | ||
| 856 | 4_ | a | Имя сервера/домена | znanium.com |
| m | Помощь | ebs_support@infra-m.ru | ||
| n | Местонахождение сервера | НИЦ ИНФРА-М | ||
| u | URL | https://znanium.com/catalog/document?id=437453 | ||
| z | Примечание для пользователя | Участвует в КО | ||
| 856 | 41 | a | Имя сервера/домена | znanium.com |
| d | Путь | /cover/2123 | ||
| f | Электронное имя | 2123865.jpg | ||
| q | Тип электронного формата | image/jpeg | ||
| u | URL | https://znanium.com/cover/2123/2123865.jpg |